kku e-library facility

Brock: Biology of Microorganisms (Record no. 177)

MARC details
000 -LEADER
fixed length control field 00478nam a2200145 4500
005 - DATE AND TIME OF LATEST TRANSACTION
control field 20260227090108.0
008 - FIXED-LENGTH DATA ELEMENTS--GENERAL INFORMATION
fixed length control field 260227b |||||||| |||| 00| 0 eng d
020 ## - INTERNATIONAL STANDARD BOOK NUMBER
International Standard Book Number 9780321536150
100 ## - MAIN ENTRY--PERSONAL NAME
Personal name Madigan T. Michael, Martinko M. John, Dunlap V. Paul, Clark P. David.
245 ## - TITLE STATEMENT
Title Brock: Biology of Microorganisms
Statement of responsibility, etc. /Michael T. Madigan.
250 ## - EDITION STATEMENT
Edition statement 12th Edition
260 ## - PUBLICATION, DISTRIBUTION, ETC.
Place of publication, distribution, etc. San Francisco;
Name of publisher, distributor, etc. Pearson Education Inc;
Date of publication, distribution, etc. 2009
300 ## - PHYSICAL DESCRIPTION
Extent xxviii, 1061p.ill;
Dimensions 27.5
942 ## - ADDED ENTRY ELEMENTS (KOHA)
Source of classification or shelving scheme Library of Congress Classification
Suppress in OPAC No
Koha item type Books

No items available.

©2025 All rights reserved. KKU